[Event "GER-chT Seniors 25th"]
[Site "Magdeburg"]
[Date "2016.10.13"]
[Round "5.2"]
[White "Braeuner, Uwe"]
[Black "Boettcher, Ulrich"]
[Result "1-0"]
[WhiteElo "2181"]
[BlackElo "2069"]
[PlyCount "67"]
[EventDate "2016.10.09"]
[EventType "team-swiss"]
[EventRounds "7"]
[EventCountry "GER"]
[SourceTitle "EXT 2019"]
[Source "ChessBase"]
[SourceDate "2018.10.10"]
[SourceVersion "1"]
[SourceVersionDate "2018.10.10"]
[SourceQuality "1"]
[WhiteTeam "Wuerttemberg II"]
[BlackTeam "Schleswig Holstein II"]
[WhiteTeamCountry "GER"]
[BlackTeamCountry "GER"]

1. d4 c5 2. e4 cxd4 3. Nf3 g6 4. Qxd4 Nf6 5. Bc4 Nc6 6. Qe3 d6 7. 0-0 Bg7 8. Rd1 0-0 9. h3 Qc7 10. Nc3 Na5 11. Be2 Be6 12. Nd4 Bc4 13. Bf3 Nd7 14. b3 Ba6 15. Nd5 Qd8 16. c4 Nc6 17. Bb2 Nxd4 18. Bxd4 Ne5 19. Be2 b6 20. f4 Nc6 21. Bxg7 Kxg7 22. Qc3+ Kg8 23. Rd2 Bc8 24. Rad1 Be6 25. e5 Bxd5 26. Rxd5 Qe8 27. exd6 exd6 28. Bf3 Ne7 29. Rxd6 Nf5 30. R6d3 Nh4 31. Bxa8 Qxa8 32. Rd5 Re8 33. Qf6 Nf5 34. Rd8 1-0

[Event "GER-chT Seniors 24th"]
[Site "Berlin"]
[Date "2015.09.08"]
[Round "3.2"]
[White "Boettcher, Ulrich"]
[Black "Fritsch, Rolf"]
[Result "0-1"]
[WhiteElo "2085"]
[BlackElo "2219"]
[PlyCount "75"]
[EventDate "2015.09.06"]
[EventType "team-swiss"]
[EventRounds "7"]
[EventCountry "GER"]
[SourceTitle "EXT 2018"]
[Source "ChessBase"]
[SourceDate "2017.10.13"]
[SourceVersion "1"]
[SourceVersionDate "2017.10.13"]
[SourceQuality "1"]

1. d4 g6 2. e4 Bg7 3. Nc3 d6 4. f3 a6 5. Be3 Nd7 6. Qd2 e6 7. g4 b5 8. Nge2 h6 9. Ng3 Ne7 10. Bg2 Bb7 11. f4 e5 12. 0-0-0 b4 13. Nce2 a5 14. dxe5 dxe5 15. f5 Nf6 16. Qe1 Qc8 17. h3 gxf5 18. gxf5 h5 19. h4 Ng4 20. Bc5 Bh6+ 21. Kb1 Be3 22. Bxe7 Kxe7 23. Rd3 Ba6 24. Rxe3 Nxe3 25. Bf3 Qd8 26. Nxh5 Nc4 27. f6+ Kd6 28. Neg3 Kc5 29. Rh2 Qd4 30. Qc1 Qe3 31. Bh1 Rad8 32. Qxe3+ Nxe3 33. Bf3 Rd6 34. a3 bxa3 35. bxa3 Nc4 36. Nf5 Nd2+ 37. Kc1 Nxf3 38. Rf2 0-1

[Event "Schleswig Holstein-ch Seniors op"]
[Site "Buesum"]
[Date "2014.09.27"]
[Round "3"]
[White "Smits, Oswald"]
[Black "Boettcher, Ulrich"]
[Result "0-1"]
[WhiteElo "1899"]
[BlackElo "2093"]
[PlyCount "84"]
[EventDate "2014.09.25"]
[EventType "swiss"]
[EventRounds "9"]
[EventCountry "GER"]
[SourceTitle "EXT 2018"]
[Source "ChessBase"]
[SourceDate "2017.10.13"]
[SourceVersion "1"]
[SourceVersionDate "2017.10.13"]
[SourceQuality "1"]

1. d4 f5 2. g3 Nf6 3. Bg2 g6 4. Nc3 Bg7 5. Bg5 d6 6. Nh3 c6 7. Nf4 Qc7 8. h4 e5 9. dxe5 dxe5 10. Nh3 Be6 11. Qd2 Nbd7 12. 0-0-0 0-0-0 13. Qd6 Rhe8 14. Qxc7+ Kxc7 15. e4 h6 16. Be3 b6 17. f3 fxe4 18. fxe4 Ng4 19. Bd2 Ndf6 20. b3 Bf8 21. Kb2 Bc5 22. Rhf1 Nh5 23. Ne2 Be3 24. Bc3 Rxd1 25. Rxd1 Bc5 26. Bf3 Bd6 27. Rd3 Rf8 28. Nhg1 Nf2 29. Rd2 Nf6 30. Nc1 N2xe4 31. Bxe4 Nxe4 32. Re2 Nxc3 33. Kxc3 Bg4 34. Re4 Bf5 35. Re2 e4 36. g4 Bxg4 37. Rxe4 Bf5 38. Re1 a5 39. Kb2 Bc5 40. Kb1 Bf2 41. Rf1 Bxh4 42. Nge2 Bxc2+ 0-1

[Event "GER-chA Seniors 26th"]
[Site "Bad Neuenahr"]
[Date "2014.08.09"]
[Round "5"]
[White "Boettcher, Ulrich"]
[Black "Haselhorst, Helmut"]
[Result "1/2-1/2"]
[WhiteElo "2078"]
[BlackElo "2093"]
[PlyCount "115"]
[EventDate "2014.08.05"]
[EventType "swiss"]
[EventRounds "9"]
[EventCountry "GER"]
[SourceTitle "EXT 2018"]
[Source "ChessBase"]
[SourceDate "2017.10.13"]
[SourceVersion "1"]
[SourceVersionDate "2017.10.13"]
[SourceQuality "1"]

1. Nf3 Nf6 2. c4 g6 3. Nc3 Bg7 4. e4 d6 5. d4 0-0 6. h3 c5 7. Be2 cxd4 8. Nxd4 Nc6 9. Be3 Nxd4 10. Bxd4 Be6 11. 0-0 Qa5 12. Rc1 Rfc8 13. b3 a6 14. Na4 Nd7 15. Bxg7 Kxg7 16. f4 b5 17. f5 Bxc4 18. Qd4+ Kg8 19. Bxc4 bxc4 20. f6 cxb3 21. Rxc8+ Rxc8 22. fxe7 Re8 23. axb3 Qe5 24. Rd1 Rxe7 25. Qxe5 dxe5 26. Rd6 Kg7 27. Rxa6 Nf6 28. Nc5 Nh5 29. Kf2 f5 30. exf5 gxf5 31. Re6 Rxe6 32. Nxe6+ Kf6 33. Nc5 Nf4 34. h4 Ke7 35. g3 Nd5 36. Nd3 Kd6 37. Nb2 Kc5 38. Ke2 Kd4 39. Nc4 e4 40. Nd6 f4 41. gxf4 Nxf4+ 42. Ke1 e3 43. Nf7 Ng2+ 44. Ke2 Nxh4 45. Nh6 Ke4 46. Ng4 Nf5 47. Nf6+ Kd4 48. Nxh7 Ng3+ 49. Ke1 Ne4 50. Ke2 Nc3+ 51. Ke1 Nd5 52. Ng5 Nf4 53. Nf3+ Ke4 54. Ng5+ Kd3 55. Nf3 e2 56. Kf2 Nh3+ 57. Ke1 Ke3 58. Nd4 1/2-1/2

[Event "GER-chA Seniors 26th"]
[Site "Bad Neuenahr"]
[Date "2014.08.07"]
[Round "3"]
[White "Boettcher, Ulrich"]
[Black "Raabe, Joachim"]
[Result "1/2-1/2"]
[WhiteElo "2078"]
[BlackElo "2030"]
[PlyCount "95"]
[EventDate "2014.08.05"]
[EventType "swiss"]
[EventRounds "9"]
[EventCountry "GER"]
[SourceTitle "EXT 2018"]
[Source "ChessBase"]
[SourceDate "2017.10.13"]
[SourceVersion "1"]
[SourceVersionDate "2017.10.13"]
[SourceQuality "1"]

1. Nf3 d5 2. c4 Nf6 3. cxd5 Nxd5 4. d4 Bg4 5. g3 Bxf3 6. exf3 e6 7. Nc3 Be7 8. Bg2 0-0 9. Nxd5 Qxd5 10. 0-0 Qd7 11. Be3 c6 12. Qb3 Na6 13. Rfd1 Nb4 14. f4 Nd5 15. a4 a5 16. Rac1 Rfb8 17. Qc4 Rc8 18. b3 f5 19. Qe2 Re8 20. Re1 Bf6 21. Rc5 Be7 22. Rcc1 Bb4 23. Bd2 Bd6 24. Qc4 g6 25. Re2 Kf7 26. Rce1 b5 27. Qc2 Bb4 28. Rc1 Bxd2 29. Rxd2 Rac8 30. Qc5 Qe7 31. h4 Nb4 32. Qc3 Qd6 33. Qc5 Qe7 34. Qb6 bxa4 35. bxa4 Qc7 36. Qc5 Red8 37. Qc4 Qb6 38. Re2 Rd6 39. Rd1 Qa7 40. Qc3 Qb6 41. Bf3 Nd5 42. Qc4 Nb4 43. Kg2 h5 44. Qc3 Rd7 45. Qb2 Qd8 46. Qc3 Qb6 47. Qb2 Qd8 48. Qc3 1/2-1/2

[Event "Bad Woerishofen Seniors op 30th"]
[Site "Bad Woerishofen"]
[Date "2014.03.28"]
[Round "8"]
[White "Taufratshofer, Martin"]
[Black "Boettcher, Ulrich"]
[Result "1/2-1/2"]
[WhiteElo "1990"]
[BlackElo "2078"]
[PlyCount "56"]
[EventDate "2014.03.21"]
[EventType "swiss"]
[EventRounds "9"]
[EventCountry "GER"]
[SourceTitle "EXT 2019"]
[Source "ChessBase"]
[SourceDate "2018.10.10"]
[SourceVersion "1"]
[SourceVersionDate "2018.10.10"]
[SourceQuality "1"]

1. e4 c5 2. c3 e6 3. Bb5 Nf6 4. d3 Be7 5. Nf3 0-0 6. 0-0 a6 7. Ba4 d6 8. Re1 b5 9. Bc2 e5 10. Nbd2 Bg4 11. h3 Bh5 12. Nf1 Ne8 13. g4 Bg6 14. Ng3 Nc6 15. Be3 Nc7 16. Nf5 Bxf5 17. gxf5 d5 18. Qe2 d4 19. cxd4 cxd4 20. Bd2 Ne8 21. Kh2 Kh8 22. Rg1 Rc8 23. Bb3 Na5 24. Bd5 Nf6 25. Qe1 b4 26. Bb3 Nxb3 27. axb3 Qb6 28. Rc1 Rxc1 1/2-1/2

[Event "Bad Woerishofen Seniors op 30th"]
[Site "Bad Woerishofen"]
[Date "2014.03.27"]
[Round "7"]
[White "Boettcher, Ulrich"]
[Black "Bauder, Herbert"]
[Result "1/2-1/2"]
[WhiteElo "2078"]
[BlackElo "1961"]
[PlyCount "27"]
[EventDate "2014.03.21"]
[EventType "swiss"]
[EventRounds "9"]
[EventCountry "GER"]
[SourceTitle "EXT 2019"]
[Source "ChessBase"]
[SourceDate "2018.10.10"]
[SourceVersion "1"]
[SourceVersionDate "2018.10.10"]
[SourceQuality "1"]

1. Nf3 c5 2. c4 Nc6 3. d4 cxd4 4. Nxd4 Nf6 5. Nc3 Nxd4 6. Qxd4 g6 7. e4 d6 8. Bg5 Bg7 9. Be2 Qa5 10. Qd2 0-0 11. 0-0 Re8 12. Rac1 Be6 13. b3 Rec8 14. f3 1/2-1/2

[Event "Bad Woerishofen Seniors op 30th"]
[Site "Bad Woerishofen"]
[Date "2014.03.24"]
[Round "4"]
[White "Boettcher, Ulrich"]
[Black "Thieme, Wolfgang"]
[Result "1-0"]
[WhiteElo "2078"]
[BlackElo "1911"]
[PlyCount "47"]
[EventDate "2014.03.21"]
[EventType "swiss"]
[EventRounds "9"]
[EventCountry "GER"]
[SourceTitle "EXT 2019"]
[Source "ChessBase"]
[SourceDate "2018.10.10"]
[SourceVersion "1"]
[SourceVersionDate "2018.10.10"]
[SourceQuality "1"]

1. Nf3 Nf6 2. c4 g6 3. Nc3 d5 4. cxd5 Nxd5 5. g3 Nxc3 6. bxc3 Bg7 7. Bg2 Nc6 8. d4 e5 9. e3 exd4 10. cxd4 0-0 11. 0-0 Bf5 12. Nh4 Be6 13. a4 Re8 14. Rb1 Bc4 15. Re1 Ba6 16. Ba3 Bf8 17. Bxf8 Kxf8 18. Qc2 Qd6 19. Rec1 Re6 20. d5 Re5 21. dxc6 b6 22. Rd1 Qa3 23. Qb2 Qe7 24. Nf3 1-0

[Event "GER-chT Seniors 21st"]
[Site "Berlin"]
[Date "2012.09.15"]
[Round "6.31"]
[White "Hamm, Georg"]
[Black "Boettcher, Ulrich"]
[Result "1/2-1/2"]
[WhiteElo "2011"]
[BlackElo "1956"]
[PlyCount "46"]
[EventDate "2012.09.10"]
[EventType "team-swiss"]
[EventRounds "7"]
[EventCountry "GER"]
[SourceTitle "CBM 150 Extra"]
[Source "ChessBase"]
[SourceDate "2012.10.19"]
[SourceVersion "1"]
[SourceVersionDate "2012.10.19"]
[SourceQuality "1"]
[WhiteTeam "Sachsen Anhalt Seniors"]
[BlackTeam "Schleswig Holstein Seniors"]
[WhiteTeamCountry "GER"]
[BlackTeamCountry "GER"]

1. e4 c5 2. d3 Nc6 3. g3 g6 4. Bg2 Bg7 5. Nf3 d6 6. Nbd2 e6 7. 0-0 Nge7 8. c3 0-0 9. Re1 b5 10. Nf1 Rb8 11. d4 cxd4 12. cxd4 d5 13. e5 Qb6 14. Bh3 a5 15. Be3 h6 16. Qd2 Kh7 17. Rac1 Ba6 18. Rc5 a4 19. b4 axb3 20. axb3 b4 21. Qc2 Bb5 22. Ra1 Ra8 23. Qb2 Ra5 1/2-1/2

[Event "GER-chT Seniors 21st"]
[Site "Berlin"]
[Date "2012.09.12"]
[Round "3.15"]
[White "Lehmensick, Jochen"]
[Black "Boettcher, Ulrich"]
[Result "1/2-1/2"]
[WhiteElo "2069"]
[BlackElo "1956"]
[PlyCount "74"]
[EventDate "2012.09.10"]
[EventType "team-swiss"]
[EventRounds "7"]
[EventCountry "GER"]
[SourceTitle "CBM 150 Extra"]
[Source "ChessBase"]
[SourceDate "2012.10.19"]
[SourceVersion "1"]
[SourceVersionDate "2012.10.19"]
[SourceQuality "1"]
[WhiteTeam "NRW Seniors II"]
[BlackTeam "Schleswig Holstein Seniors"]
[WhiteTeamCountry "GER"]
[BlackTeamCountry "GER"]

1. d4 f5 2. g3 Nf6 3. Bg2 g6 4. Nd2 Bg7 5. e4 fxe4 6. Nxe4 0-0 7. f4 e6 8. Nxf6+ Qxf6 9. Nf3 Nc6 10. Be3 d6 11. 0-0 Bd7 12. Qd2 Rae8 13. Rae1 Bc8 14. c4 Ne7 15. b4 a6 16. Kh1 Bd7 17. d5 Nf5 18. Bf2 h5 19. Ng5 c6 20. dxc6 Bxc6 21. Bxc6 bxc6 22. Ne4 Qe7 23. c5 d5 24. Ng5 e5 25. fxe5 Bxe5 26. Nf3 Qf6 27. Nxe5 Rxe5 28. Rxe5 Qxe5 29. Re1 Qf6 30. Kg1 d4 31. Qe2 Rd8 32. Rd1 Qf7 33. Qxa6 Qd5 34. Qa3 d3 35. Qb3 Qxb3 36. axb3 d2 37. Kf1 Rd3 1/2-1/2

[Event "GER-chT Seniors 21st"]
[Site "Berlin"]
[Date "2012.09.10"]
[Round "1.4"]
[White "Rahls, Peter"]
[Black "Boettcher, Ulrich"]
[Result "0-1"]
[WhiteElo "2200"]
[BlackElo "1956"]
[PlyCount "95"]
[EventDate "2012.09.10"]
[EventType "team-swiss"]
[EventRounds "7"]
[EventCountry "GER"]
[SourceTitle "CBM 150 Extra"]
[Source "ChessBase"]
[SourceDate "2012.10.19"]
[SourceVersion "1"]
[SourceVersionDate "2012.10.19"]
[SourceQuality "1"]
[WhiteTeam "Berlin Seniors"]
[BlackTeam "Schleswig Holstein Seniors"]
[WhiteTeamCountry "GER"]
[BlackTeamCountry "GER"]

1. e4 c5 2. c3 Nf6 3. e5 Nd5 4. d4 cxd4 5. cxd4 g6 6. Nc3 Nxc3 7. bxc3 Bg7 8. h4 h5 9. Nf3 Nc6 10. Bf4 b6 11. Bd3 e6 12. 0-0 Bb7 13. Ng5 Ne7 14. Ne4 Bxe4 15. Bxe4 Rc8 16. Rc1 Nf5 17. Bg5 f6 18. exf6 Bxf6 19. Bxf5 exf5 20. Re1+ Kf8 21. Qa4 Bxg5 22. hxg5 Rh7 23. Qb4+ Kg8 24. Re3 Qxg5 25. Rce1 Rf7 26. Qd6 Qf6 27. Qd5 Kg7 28. Qb7 f4 29. Rf3 Rc6 30. Qb8 Re6 31. Re5 d6 32. Rxe6 Qxe6 33. Qd8 Qd5 34. Qe8 g5 35. Qe2 g4 36. Rd3 f3 37. Qe3 fxg2 38. c4 Qf5 39. d5 h4 40. Kxg2 h3+ 41. Kg3 Kg6 42. Qd4 Kg5 43. f3 gxf3 44. Qh4+ Kg6 45. Re3 Qg5+ 46. Qxg5+ Kxg5 47. Re1 f2 48. Rf1 0-1

[Event "GER-ch Seniors"]
[Site "Dresden"]
[Date "2012.08.15"]
[Round "7"]
[White "Boettcher, Ulrich"]
[Black "Braun, Gottfried"]
[Result "0-1"]
[WhiteElo "2055"]
[BlackElo "2259"]
[PlyCount "106"]
[EventDate "2012.08.09"]
[EventType "swiss"]
[EventRounds "9"]
[EventCountry "GER"]
[SourceTitle "EXT 2014"]
[Source "ChessBase"]
[SourceDate "2013.11.20"]
[SourceVersion "1"]
[SourceVersionDate "2013.11.20"]
[SourceQuality "1"]

1. e4 d6 2. f4 d5 3. exd5 Qxd5 4. Nc3 Qd8 5. Nf3 Nf6 6. Bc4 e6 7. 0-0 Be7 8. Kh1 0-0 9. d4 Nbd7 10. Be3 Nb6 11. Bd3 Nbd5 12. Nxd5 exd5 13. Ne5 Bf5 14. c3 Qc8 15. Rc1 c6 16. c4 dxc4 17. Bxc4 Be6 18. Qb3 Bxc4 19. Qxc4 Nd5 20. Bd2 Qd8 21. Rf3 Nf6 22. b4 Qd5 23. a3 Rfd8 24. Be3 a5 25. Rb1 axb4 26. axb4 Qxc4 27. Nxc4 Nd5 28. Bd2 Ra2 29. g3 Rc2 30. Rc1 Rxc1+ 31. Bxc1 Bxb4 32. Rb3 Ra8 33. Ba3 Bxa3 34. Nxa3 b5 35. Kg2 Kf8 36. Kf3 Ke7 37. h4 f5 38. g4 fxg4+ 39. Kxg4 Kd6 40. h5 h6 41. Nxb5+ cxb5 42. Rxb5 Ra7 43. Rb3 Re7 44. Ra3 Nf6+ 45. Kf5 Nxh5 46. Ra6+ Kd5 47. Ra5+ Kxd4 48. Ra4+ Ke3 49. Ra3+ Kf2 50. Ra2+ Kg3 51. Ra3+ Kh4 52. Ra1 Rf7+ 53. Ke5 Nxf4 0-1

[Event "GER-chT Seniors 20th"]
[Site "Gladenbach"]
[Date "2011.09.14"]
[Round "4.3"]
[White "Boettcher, Ulrich"]
[Black "Krueger, Gerhard"]
[Result "1/2-1/2"]
[WhiteElo "1984"]
[BlackElo "1913"]
[PlyCount "21"]
[EventDate "2011.09.11"]
[EventType "team-swiss"]
[EventRounds "7"]
[EventCountry "GER"]
[SourceTitle "CBM 144 Extra"]
[Source "ChessBase"]
[SourceDate "2011.10.28"]
[SourceVersion "1"]
[SourceVersionDate "2011.10.28"]
[SourceQuality "1"]
[WhiteTeam "Schleswig Holstein"]
[BlackTeam "Mecklenburg Vorpommern"]
[WhiteTeamCountry "GER"]
[BlackTeamCountry "GER"]

1. c4 e5 2. g3 f5 3. Bg2 Nf6 4. Nc3 Nc6 5. d3 Bb4 6. Bd2 0-0 7. a3 Bxc3 8. Bxc3 d6 9. Nh3 Qe8 10. e3 Bd7 11. 0-0 1/2-1/2

[Event "GER-chT Seniors 20th"]
[Site "Gladenbach"]
[Date "2011.09.13"]
[Round "3.3"]
[White "Ljubarskij, Jurij"]
[Black "Boettcher, Ulrich"]
[Result "1-0"]
[WhiteElo "2145"]
[BlackElo "1984"]
[PlyCount "77"]
[EventDate "2011.09.11"]
[EventType "team-swiss"]
[EventRounds "7"]
[EventCountry "GER"]
[SourceTitle "CBM 144 Extra"]
[Source "ChessBase"]
[SourceDate "2011.10.28"]
[SourceVersion "1"]
[SourceVersionDate "2011.10.28"]
[SourceQuality "1"]
[WhiteTeam "Niedersachsen"]
[BlackTeam "Schleswig Holstein"]
[WhiteTeamCountry "GER"]
[BlackTeamCountry "GER"]

1. e4 e6 2. d4 d5 3. Nd2 c5 4. exd5 exd5 5. Ngf3 Nf6 6. Be2 Nc6 7. 0-0 c4 8. Re1 Be7 9. b3 cxb3 10. axb3 0-0 11. Bb2 Bf5 12. Nf1 a6 13. Ne3 Bg6 14. Ne5 Rc8 15. h4 h6 16. Nxg6 fxg6 17. Bd3 Ne4 18. f3 Bxh4 19. Re2 Ng3 20. Re1 Nf5 21. Bxf5 gxf5 22. Re2 Bg3 23. Nf1 f4 24. Qd3 Qh4 25. Bc3 Rce8 26. Be1 Rxe2 27. Qxe2 Nxd4 28. Qd2 Bxe1 29. Rxe1 Rf5 30. Nh2 Rh5 31. Kf1 Qxh2 32. Qxd4 Qg3 33. Qg1 Kf7 34. Rd1 Re5 35. Qb6 Re7 36. Qd6 Qh4 37. Qxd5+ Kf8 38. Qd8+ Re8 39. Qxh4 1-0

[Event "GER-chT Seniors 20th"]
[Site "Gladenbach"]
[Date "2011.09.12"]
[Round "2.3"]
[White "Boettcher, Ulrich"]
[Black "Krieg, Peter"]
[Result "1/2-1/2"]
[WhiteElo "1984"]
[BlackElo "1776"]
[PlyCount "37"]
[EventDate "2011.09.11"]
[EventType "team-swiss"]
[EventRounds "7"]
[EventCountry "GER"]
[SourceTitle "CBM 144 Extra"]
[Source "ChessBase"]
[SourceDate "2011.10.28"]
[SourceVersion "1"]
[SourceVersionDate "2011.10.28"]
[SourceQuality "1"]
[WhiteTeam "Schleswig Holstein"]
[BlackTeam "Mecklenburg Vorpommern II"]
[WhiteTeamCountry "GER"]
[BlackTeamCountry "GER"]

1. c4 e5 2. Nc3 Nf6 3. g3 Bc5 4. Bg2 0-0 5. a3 c6 6. b4 Bb6 7. c5 Bc7 8. Nf3 d5 9. cxd6 Qxd6 10. 0-0 Bf5 11. Bb2 Nbd7 12. Nh4 Be6 13. b5 Nc5 14. d3 Ba5 15. Nf3 Bb3 16. Qc1 Rfe8 17. Nd2 Rac8 18. bxc6 bxc6 19. Nc4 1/2-1/2

[Event "EU-chT Seniors 12th"]
[Site "Dresden"]
[Date "2010.02.12"]
[Round "3"]
[White "Boettcher, Ulrich"]
[Black "Norman, Kenneth I"]
[Result "1/2-1/2"]
[WhiteElo "2063"]
[BlackElo "2172"]
[PlyCount "29"]
[EventDate "2010.02.10"]
[EventType "team-swiss"]
[EventRounds "9"]
[EventCountry "GER"]
[SourceTitle "CBM 134 Extra"]
[Source "ChessBase"]
[SourceDate "2010.03.03"]
[SourceVersion "1"]
[SourceVersionDate "2010.03.03"]
[SourceQuality "1"]
[WhiteTeam "Schleswig Holstein Seniors"]
[BlackTeam "England (Seniors)"]
[WhiteTeamCountry "GER"]
[BlackTeamCountry "ENG"]

1. c4 g6 2. Nc3 Bg7 3. g3 Nf6 4. Bg2 0-0 5. e4 d6 6. Nge2 c6 7. 0-0 a6 8. d4 b5 9. b3 bxc4 10. bxc4 e5 11. dxe5 dxe5 12. Qc2 Be6 13. Na4 Nbd7 14. Ba3 Re8 15. Rfd1 1/2-1/2

[Event "Schleswig Holstein-ch Seniors"]
[Site "Germany"]
[Date "2009.??.??"]
[Round "4"]
[White "Boettcher, Ulrich"]
[Black "Gehrmann, Dorit"]
[Result "1-0"]
[WhiteElo "2040"]
[BlackElo "1975"]
[PlyCount "67"]
[EventDate "2009.??.??"]
[EventType "swiss"]
[EventRounds "7"]
[EventCountry "GER"]
[SourceTitle "EXT 2011"]
[Source "ChessBase"]
[SourceDate "2010.11.26"]
[SourceVersion "1"]
[SourceVersionDate "2010.11.26"]
[SourceQuality "1"]

1. c4 c5 2. Nc3 Nc6 3. g3 g6 4. Bg2 Bg7 5. e4 d6 6. Nge2 f5 7. d3 Nf6 8. 0-0 0-0 9. h3 Ne5 10. f4 Nc6 11. Be3 e5 12. Rb1 a6 13. fxe5 Nxe5 14. b3 Rb8 15. Qd2 Nf7 16. exf5 Bxf5 17. g4 Bc8 18. d4 b6 19. Nf4 Qd7 20. Nfd5 Nxd5 21. Nxd5 Qd8 22. Rbd1 Bb7 23. Rf2 Qh4 24. Rdf1 Nh6 25. Rxf8+ Rxf8 26. Rxf8+ Kxf8 27. dxc5 bxc5 28. Bg5 Bd4+ 29. Kh1 Qg3 30. Bxh6+ Kg8 31. Bf4 Qh4 32. Qe2 Qd8 33. Ne7+ Kf7 34. Bxb7 1-0

[Event "GER-chT Seniors 17th"]
[Site "Berlin"]
[Date "2008.09.05"]
[Round "6"]
[White "Boettcher, Ulrich"]
[Black "Kuehn, Peter1111"]
[Result "1/2-1/2"]
[WhiteElo "2026"]
[BlackElo "2446"]
[PlyCount "39"]
[EventDate "2008.08.31"]
[EventType "team-swiss"]
[EventRounds "7"]
[EventCountry "GER"]
[SourceTitle "CBM 126 Extra"]
[Source "ChessBase"]
[SourceDate "2008.11.05"]
[SourceVersion "1"]
[SourceVersionDate "2008.11.05"]
[SourceQuality "1"]

1. c4 f5 2. e4 fxe4 3. Nc3 Nf6 4. d3 d6 5. dxe4 e5 6. Bg5 c6 7. Qd2 h6 8. Bh4 Nxe4 9. Nxe4 Qxh4 10. Nxd6+ Bxd6 11. Qxd6 Qe7 12. Qg6+ Qf7 13. Bd3 Be6 14. Nf3 Nd7 15. Nh4 0-0-0 16. Qxf7 Bxf7 17. 0-0-0 Nf6 18. f3 Kc7 19. b3 g5 20. Nf5 1/2-1/2

[Event "GER-chT Seniors 17th"]
[Site "Berlin"]
[Date "2008.09.04"]
[Round "5"]
[White "Roedel, Egmar"]
[Black "Boettcher, Ulrich"]
[Result "1/2-1/2"]
[WhiteElo "1881"]
[BlackElo "2026"]
[PlyCount "26"]
[EventDate "2008.08.31"]
[EventType "team-swiss"]
[EventRounds "7"]
[EventCountry "GER"]
[SourceTitle "CBM 126 Extra"]
[Source "ChessBase"]
[SourceDate "2008.11.05"]
[SourceVersion "1"]
[SourceVersionDate "2008.11.05"]
[SourceQuality "1"]

1. d4 f5 2. Bg5 Nf6 3. Bxf6 exf6 4. e3 d5 5. Bd3 Nc6 6. c3 Be6 7. Qf3 Qd7 8. Ne2 Bd6 9. Nf4 Bxf4 10. Qxf4 Ne7 11. Qf3 0-0-0 12. Nd2 Kb8 13. Nb3 Qd6 1/2-1/2

[Event "Schleswig Holstein-ch Seniors 63rd"]
[Site "Gross Groenau"]
[Date "2008.03.16"]
[Round "2"]
[White "Boettcher, Ulrich"]
[Black "Holzberg, Gerhard"]
[Result "1/2-1/2"]
[WhiteElo "1925"]
[BlackElo "1783"]
[PlyCount "37"]
[EventDate "2008.03.15"]
[EventType "swiss"]
[EventRounds "9"]
[EventCountry "GER"]
[SourceTitle "EXT 2010"]
[Source "ChessBase"]
[SourceDate "2010.11.25"]
[SourceVersion "1"]
[SourceVersionDate "2010.11.25"]
[SourceQuality "1"]

1. d4 Nf6 2. g3 d5 3. Nf3 Nbd7 4. Bg2 c6 5. 0-0 e6 6. c4 Be7 7. Nbd2 0-0 8. a3 a5 9. Qc2 Re8 10. b3 Bd6 11. Bb2 e5 12. dxe5 Nxe5 13. h3 Qe7 14. e3 Bd7 15. Nxe5 Bxe5 16. Nf3 Bxb2 17. Qxb2 dxc4 18. bxc4 Be6 19. Rfe1 1/2-1/2